000 01317nam0a22003371 4500
001 v19\rc\2068125
005 20251118181637.9
035 _a(NLR Aleph) 005147918
090 _a4870608
_c4870608
100 _a20081111d1917 |||y0rusy50 ca
101 1 _arus
_cfre
102 _aRU
105 _aa z |||||
200 1 _aУлей Дадана и как его самому изготовить
_eС 15 рис. в тексте и с прил. черт. улья Дадана в натуральную величину
_fЭдуард Бертран
_gПер. под ред. Г.П. Кандратьева
205 _a6-е изд.
210 _aСанкт-Петербург
_cА.Ф. Девриен
_d1917
215 _a32 с., 1 л. черт.
_cил.
_d22
532 1 3 _aУлей Дадана и как его самому изготовить
700 1 _6z01790
_aБертран
_bЭ.
_f1832-1917
_gЭдуар
702 1 _aКандратьев
_bГ. П.
_gГеннадий Петрович
_4340
790 1 _6z01700
_aБертран
_bЭ.
_f1832-1917
_gЭдуард
801 0 _aRU
_bNLR
_gpsbo
801 0 _aRU
_bRuMoRGB
_2psbo
801 1 _aRU
_bProSoft-M
_2rusmarc
852 _aNLR
_j37.76.8.499
899 _aRuMoRGB
899 _aБАН
899 _aНБ МГУ
942 _cBOOK
980 _aNB